00792cam a2200253 a 45000010009000000050017000090080041000260100017000670200038000840200015001220350024001370400040001610410008002010800014002090820018002231000007002411010008002482450044002565040051003009060045003519420012003969990017004089520113004251598568520180315090701.0091116s2010 mdua bf 001 0 eng  a 2009047922 a9780810874268 (pbk. : alk. paper) a0810874261 a(OCoLC)ocn468232748 aDLCcDLCdYDXCPdC#PdBWXdCDXdDLC aeng a028.7 FUL00a028.7 FUL2221 a28 aSHK10aInformation pathways :cCrystal Fulton. aIncludes bibliographical references and index. a7bcbccorignewd1eecipf20gy-gencatlg 2ddccBK c45157d45157 00102udc40708PËKGa002b002cPËKGd2018-03-15l0o028.7 FULp002-3001644r2018-03-15w2018-03-15yBK